logo

Bir Sreshtho Munshi Abdur Rouf Library
Jhenaidah Cadet College

রুবাইয়াৎ / (Record no. 3668)

MARC details
000 -LEADER
fixed length control field 00762nam a2200229 a 4500
001 - CONTROL NUMBER
JCCL Control Number 3668
003 - CONTROL NUMBER IDENTIFIER
JCCL marc code BD-JhCC
005 - DATE AND TIME OF LATEST TRANSACTION
control field 20171115211511.0
008 - FIXED-LENGTH DATA ELEMENTS--GENERAL INFORMATION
fixed length control field 171115s1966 bg a|||| |||| 000 0 mul d
035 ## - SYSTEM CONTROL NUMBER
system control number (BD-JhCC)3668
040 ## - CATALOGING SOURCE
Original cataloging agency BD-JhCC
Modifying agency BD-JhCC
041 ## - LANGUAGE CODE
Language code of Book Bengali and English
082 ## - DEWEY DECIMAL CLASSIFICATION NUMBER
Classification number 891.4409
Author mark and Year KHA 1966
100 ## - MAIN ENTRY--PERSONAL NAME
Personal name খাইয়াম, ওমর
245 ## - TITLE STATEMENT
Title রুবাইয়াৎ /
Statement of responsibility, etc ওমর খাইয়াম, সিকানদার আবু জাফর [অনু.]
260 ## - PUBLICATION, DISTRIBUTION, ETC. (IMPRINT)
Place of publication, distribution, etc ঢাকা :
Name of publisher, distributor, etc বাংলা একাডেমী,
Date of publication, distribution, etc 1966.
300 ## - PHYSICAL DESCRIPTION
Pagination 117 p. :
Other physical details ill.,
Dimensions 21 cm.
650 ## - SUBJECT ADDED ENTRY--TOPICAL TERM
Topical term or geographic name as entry element Bengali Literature
700 ## - ADDED ENTRY--PERSONAL NAME
Personal name জাফর, সিকানদার আবু
942 ## - ADDED ENTRY ELEMENTS (KOHA)
Source of classification or shelving scheme Dewey Decimal Classification
Koha item type Books
Holdings
Source of classification or shelving scheme Damaged status Not for loan Home library Current library Shelving location Date of accession Cost, normal purchase price Total Checkouts Full call number Barcode Date last seen Copy number Koha item type
Dewey Decimal Classification     JCC Rouf Library JCC Rouf Library General Stacks 11/15/2017 5.00   891.4409 KHA 1966 5310 11/15/2017 C-1 Books
Dewey Decimal Classification     JCC Rouf Library JCC Rouf Library General Stacks 03/22/2018 5.00   891.4409 KHA 1966 5451 03/22/2018 C-2 Books
Dewey Decimal Classification     JCC Rouf Library JCC Rouf Library Fiction 04/04/2018 5.00   891.4409 KHA 1966 12933 04/04/2018 C-3 Books

JCC Library | Contacts | JCC Home

Last Update on 23 September 2017
Copyright @ 2017-2020 JCC Rouf Library
Rouf Library, Jhenidah Cadet College (JCC), Bangladesh